| 000 | 00384nam a22001577a 4500 | ||
|---|---|---|---|
| 003 | NUST - PNEC | ||
| 005 | 20170116181123.0 | ||
| 008 | 151005b xxu||||| |||| 00| 0 eng d | ||
| 040 | _cLIBRARY | ||
| 082 | _a954.91 SIB | ||
| 100 |
_913578 _aHasan, Sibte |
||
| 245 |
_aPakistan mein tehzeeb ka irtiqa _cHasan, Sibte |
||
| 260 | _c2002 | ||
| 651 | _xGeneral book | ||
| 942 |
_2ddc _cBK |
||
| 999 |
_c69645 _d69645 |
||